000 00820nam a22002777a 4500
001 BR9509213
003 BR-BrBNA
005 20230928094757.0
007 ta
008 230509b bl.||||| |||| 00| 0 por d
040 _aBR-BrBNA
_bpor
_cBiblioteca Nacional de Agricultura
041 _a(Por)
072 _aE16; E70
090 _ E16 BR9509213
110 1 _aAssociacao de Credito e Assistencia Rural do Estado do Rio de Janeiro, Niteroi (Brasil)
_9497
245 1 _aSafra 72/73, estrategia de acao, regiao Centro Sul. Dados e informacoes, estado do Rio de Janeiro
260 3 _aNiteroi, RJ (Brasil):
_c1970.
300 _a7 p.
650 _aProduto
650 _aSafra
650 _aProducao
650 _aPreco Minimo
650 _aRio de Janeiro
909 _a202309
_bLucia
_c55
_dLucia Elande
942 _cBK
999 _c52580
_d52580